header

Preparing the U.S. Army for homeland security (Record no. 113785)

MARC details
000 -LEADER
fixed length control field 01414nam a2200373Ia 4500
082 04 - DEWEY DECIMAL CLASSIFICATION NUMBER
Classification number 355/.033273
100 1# - MAIN ENTRY--AUTHOR NAME
Personal name Larson, Eric V.
245 10 - TITLE STATEMENT
Title Preparing the U.S. Army for homeland security
260 ## - PUBLICATION, DISTRIBUTION, ETC. (IMPRINT)
Place of publication Santa Monica, CA :
Name of publisher Rand,
Year of publication 2001.
300 ## - PHYSICAL DESCRIPTION
Number of Pages xxxiv, 310 p.
500 ## - GENERAL NOTE
General note MR-1251-A.
650 #0 - SUBJECT ADDED ENTRY--TOPICAL TERM
Topical Term National security
700 1# - ADDED ENTRY--PERSONAL NAME
Personal name Peters, John E.,
856 40 - ELECTRONIC LOCATION AND ACCESS
Uniform Resource Identifier http://site.ebrary.com/lib/rucke/Doc?id=10505588

No items available.

© 2026 Rongo University
Contact us: librarian | system librarian | Rongo university